000 01529cam a2200229 4500500
005 20260405005205.0
041 _afre
042 _adc
100 1 0 _aClément, Céline
_eauthor
700 1 0 _aBonvalet, Catherine
_eauthor
245 0 0 _aReconstituted Families and Residential Anchoring
260 _c2005.
500 _a5
520 _aHousing and living arrangements have important implications for reconstituted families. The aim of this research was to rephrase research questions on housing and living arrangements in terms of “life spaces”. Qualitative interviews show that reconstituted families integrate social ties and space by coming together and sharing but also sometimes by remaining distinct and competing with each other. In these types of families, there are few spaces where parents and children are together at the same time. At the same time, these situations do not always lead to a breaking off of relations with the ex-step family. Moreover, there are places other than the main residence where “family histories” can be constructed, such as in second homes, even though they can be a divisive place for families.
690 _a« life spaces »
690 _afamily trajectory
690 _aqualitative interviews
690 _areconstituted families
690 _asecond homes
786 0 _nEspaces et sociétés | o 120-121 | 2 | 2005-06-01 | p. 79-97 | 0014-0481
856 4 1 _uhttps://shs.cairn.info/journal-espaces-et-societes-2005-2-page-79?lang=en&redirect-ssocas=7080
999 _c2081740
_d2081740